[Event "Women's Speed Chess Q5"]
[Site "chess.com INT"]
[Date "2020.06.22"]
[Round "4"]
[White "Hernandez Bonilla, Amelia"]
[Black "Smirnova, Ekaterina"]
[Result "0-1"]
[WhiteTitle "WFM"]
[BlackTitle "WIM"]
[WhiteElo "2016"]
[BlackElo "2278"]
[WhiteFideId "3900193"]
[BlackFideId "4110943"]
[EventDate "2020.06.22"]

1. e4 e6 2. d4 d5 3. exd5 exd5 4. c4 Bb4+ 5. Bd2 Bxd2+ 6. Nxd2 Nf6 7. Ngf3 Bg4
8. Be2 O-O 9. O-O dxc4 10. h3 Bh5 11. Nxc4 Nc6 12. d5 Qxd5 13. Qb3 Rab8 14. Rad1
Qc5 15. Rc1 Bxf3 16. Bxf3 Nd4 17. Qe3 Nxf3+ 18. Qxf3 Qd5 19. Qg3 c6 20. Rfd1 Qf5
21. Nd6 Qa5 22. a3 Qc7 23. Rd4 Rbd8 24. Rcd1 Nd5 25. Nf5 Qxg3 26. Nxg3 g6 27.
Ne4 Kg7 28. Nc5 b6 29. Ne4 Rfe8 30. Nc3 Re5 31. f3 g5 32. Kf2 Kg6 33. g3 h5 34.
Ne4 f6 35. b4 a6 36. Nc3 h4 37. f4 hxg3+ 38. Kxg3 gxf4+ 39. Kf3 Rg5 40. Ne4 Re5
41. Rg1+ Kf7 42. Rd2 Rh8 0-1

[Event "Women's Speed Chess Q5"]
[Site "chess.com INT"]
[Date "2020.06.22"]
[Round "4"]
[White "Vanhuyse, Nele"]
[Black "Zavivaeva, Emilia"]
[Result "1-0"]
[WhiteTitle "WFM"]
[BlackTitle "WCM"]
[WhiteElo "1928"]
[BlackElo "1735"]
[WhiteFideId "228818"]
[BlackFideId "34127531"]
[EventDate "2020.06.22"]

1. e4 c5 2. Nf3 Nc6 3. d4 cxd4 4. Nxd4 Nf6 5. Nc3 e5 6. Ndb5 d6 7. Bg5 a6 8.
Bxf6 gxf6 9. Na3 b5 10. Nd5 Be6 11. c3 f5 12. exf5 Bxf5 13. Nc2 Bg7 14. Nce3 Be6
15. Bd3 Rc8 16. Bc2 Qg5 17. h4 Qd8 18. Nf5 Rg8 19. Nde3 d5 20. Bb3 d4 21. Bxe6
fxe6 22. Qh5+ Kf8 23. Nxg7 Rxg7 24. cxd4 exd4 25. Qf3+ Kg8 26. Ng4 Nb4 27. O-O
d3 28. Nf6+ Kh8 29. h5 Rf7 30. h6 Qxf6 31. Qe4 Qf5 32. Qxb4 d2 33. Qxd2 Qf4 34.
Qxf4 Rxf4 35. g3 Rf6 36. Kg2 Rxh6 37. Rad1 Rc2 38. Rd7 Rxb2 39. Ra7 Rxa2 40. Rd1
Rg6 41. Rd8+ Rg8 42. Rdd7 Rf8 43. Rxh7+ Kg8 44. Rag7# 1-0

[Event "Women's Speed Chess Q5"]
[Site "chess.com INT"]
[Date "2020.06.22"]
[Round "4"]
[White "Potapova, Margarita"]
[Black "Fominykh, Maria"]
[Result "0-1"]
[WhiteTitle "WIM"]
[BlackTitle "WGM"]
[WhiteElo "2270"]
[BlackElo "2206"]
[WhiteFideId "14126869"]
[BlackFideId "4142411"]
[EventDate "2020.06.22"]

1. d4 Nf6 2. c4 g6 3. Nc3 Bg7 4. e4 d6 5. h3 O-O 6. Be3 e5 7. d5 a5 8. g4 Na6 9.
Nge2 Nd7 10. Ng3 Ndc5 11. h4 c6 12. h5 Bf6 13. Qd2 Bxg4 14. Bh3 Bf3 15. Rh2 cxd5
16. cxd5 Nb4 17. Bxc5 dxc5 18. Nf1 Bg5 19. Ne3 Bf4 20. a3 Bxh2 21. d6 Bf4 22. d7
Qh4 23. axb4 Qxh3 24. Qd3 Qh1+ 25. Nf1 cxb4 26. Nd5 Rad8 27. h6 Bxh6 28. Ne7+
Kh8 29. Rxa5 Bg5 30. Nd5 Rxd7 31. Rb5 Bxe4 32. Qc4 Bxd5 33. Qe2 Bc6 34. Rxe5 Bf6
35. Re3 Rfd8 36. Qg4 Rd1+ 37. Qxd1 Rxd1+ 38. Kxd1 Qxf1+ 39. Re1 Qd3+ 40. Kc1
Bg5+ 41. Re3 Bxe3+ 42. fxe3 Be4 43. b3 Qc2# 0-1

[Event "Women's Speed Chess Q5"]
[Site "chess.com INT"]
[Date "2020.06.22"]
[Round "4"]
[White "Soumya, Swaminathan"]
[Black "Dwilewicz, Katarzyna"]
[Result "0-1"]
[WhiteTitle "IM"]
[BlackTitle "WFM"]
[WhiteElo "2351"]
[BlackElo "2120"]
[WhiteFideId "5016193"]
[BlackFideId "1148486"]
[EventDate "2020.06.22"]

1. Nf3 Nf6 2. c4 e6 3. g3 d5 4. Bg2 dxc4 5. Qc2 c5 6. Na3 Nc6 7. Nxc4 Be7 8. O-O
O-O 9. b3 Bd7 10. Bb2 Rc8 11. a3 Qc7 12. Rac1 Rfd8 13. Qb1 Qb8 14. d3 Bf8 15.
Qa1 Nd5 16. Rfd1 b5 17. Nce5 Na5 18. Qa2 Be8 19. Nd2 f6 20. Nef3 Bf7 21. Ne4 e5
22. Nfd2 Nb6 23. Bc3 Nc6 24. Qa1 Nd4 25. Re1 Nxb3 26. Nxb3 Bxb3 27. Qb2 Bd5 28.
Qxb5 f5 29. Nd2 Bxg2 30. Kxg2 Qb7+ 31. Kg1 Qd7 32. Qb3+ Qd5 33. Qxd5+ Rxd5 34.
Ba5 Nd7 35. Nc4 Rc6 36. Bc3 Ra6 37. Rb1 Kf7 38. Rb7 Rc6 39. Nxe5+ Rxe5 40. Bxe5
Ke6 41. Bc3 Ra6 42. Rb3 g6 0-1

[Event "Women's Speed Chess Q5"]
[Site "chess.com INT"]
[Date "2020.06.22"]
[Round "4"]
[White "Ramirez, Maria Eugenia"]
[Black "Smietanska, Wiktoria"]
[Result "1-0"]
[WhiteTitle "WFM"]
[BlackTitle "CM"]
[WhiteElo "2057"]
[BlackElo "1593"]
[WhiteFideId "3301680"]
[BlackFideId "21869359"]
[EventDate "2020.06.22"]

1. e4 c5 2. c3 Nf6 3. e5 Nd5 4. g3 d6 5. exd6 e6 6. Bg2 Bxd6 7. Nf3 O-O 8. O-O
Nc6 9. d4 cxd4 10. Nxd4 Nce7 11. Nd2 Bd7 12. Ne4 Bc7 13. c4 Nb6 14. b3 Nc6 15.
Bb2 e5 16. Nb5 f5 17. Nxc7 Qxc7 18. Nc5 Rad8 19. Nxd7 Rxd7 20. Qe2 Nd4 21. Qh5
Rd6 22. Ba3 Rh6 23. Qd1 Rd8 24. c5 Nd7 25. f4 Nf6 26. fxe5 Qxe5 27. Re1 Qc7 28.
Rc1 Nb5 29. Qf3 Nxa3 30. Qxf5 Rf8 31. Qe6+ Qf7 32. Qxf7+ Rxf7 33. Red1 Nb5 34.
Bxb7 Rxb7 35. c6 Rc7 36. Rd8+ Kf7 37. a4 1-0

[Event "Women's Speed Chess Q5"]
[Site "chess.com INT"]
[Date "2020.06.22"]
[Round "4"]
[White "Danielian, Elina"]
[Black "Goltseva, Ekaterina"]
[Result "1-0"]
[WhiteTitle "GM"]
[BlackTitle "FM"]
[WhiteElo "2407"]
[BlackElo "2306"]
[WhiteFideId "13300210"]
[BlackFideId "24173770"]
[EventDate "2020.06.22"]

1. d4 Nf6 2. Bg5 Ne4 3. Bf4 d5 4. e3 c5 5. Bd3 Nf6 6. dxc5 Qa5+ 7. Nc3 Qxc5 8.
Nf3 e6 9. a3 Be7 10. h3 O-O 11. O-O Nc6 12. Nb5 a6 13. b4 Nxb4 14. axb4 Qxb4 15.
Nbd4 Qb6 16. Qb1 Qd8 17. Rd1 Bd6 18. c4 Bxf4 19. exf4 Qc7 20. cxd5 Nxd5 21.
Bxh7+ Kh8 22. Bd3 Qxf4 23. Qc1 Qf6 24. Be4 Nf4 25. Qc5 Rd8 26. Kh2 Rb8 27. Qe5
Bd7 28. Rab1 b5 29. g3 Ng6 30. Qh5+ Kg8 31. Kg2 Be8 32. Bc6 Rbc8 33. Bxe8 Rxe8
34. Ng5 Red8 35. Ndf3 Rd5 36. Qh7+ Kf8 37. Rxd5 exd5 38. Qh5 d4 39. Nh7+ Kg8 40.
Nxf6+ gxf6 41. Nxd4 Kg7 42. Qg4 Rd8 43. Nf5+ Kg8 44. Rc1 1-0

[Event "Women's Speed Chess Q5"]
[Site "chess.com INT"]
[Date "2020.06.22"]
[Round "4"]
[White "Shafigullina, Zarina"]
[Black "Turova, Irina"]
[Result "1/2-1/2"]
[WhiteTitle "WFM"]
[BlackTitle "IM"]
[WhiteElo "2296"]
[BlackElo "2381"]
[WhiteFideId "24174220"]
[BlackFideId "4120876"]
[EventDate "2020.06.22"]

1. d4 Nf6 2. Nf3 e6 3. g3 b5 4. Bg2 Bb7 5. Qd3 a6 6. a4 b4 7. Bg5 d6 8. c4 Nbd7
9. Nbd2 Be7 10. e4 h6 11. Be3 Ng4 12. O-O Nxe3 13. fxe3 e5 14. b3 O-O 15. Rf2
exd4 16. exd4 c5 17. Raf1 cxd4 18. Nxd4 Nc5 19. Qc2 Bg5 20. Re2 Re8 21. Rfe1 Qb6
22. Kh1 Nxa4 23. bxa4 Qxd4 24. Nf3 Qc5 25. e5 a5 26. exd6 Rxe2 27. Qxe2 Qxd6 28.
Nxg5 Bxg2+ 29. Qxg2 Rd8 30. Ne4 Qc6 31. c5 Qxa4 32. Nd6 Qd7 33. Qd5 a4 34. Rf1
Rf8 35. c6 Qh3 36. Kg1 b3 37. c7 b2 38. Qb7 a3 39. c8=Q Rxc8 40. Nxc8 Qe6 41.
Na7 Qe3+ 42. Kh1 Qe6 43. Nc6 Qd5+ 44. Kg1 Qc5+ 45. Kg2 Qd5+ 46. Kg1 Qc5+ 47. Kg2
Qd5+ 48. Kg1 1/2-1/2

[Event "Women's Speed Chess Q5"]
[Site "chess.com INT"]
[Date "2020.06.22"]
[Round "4"]
[White "Bulmaga, Irina"]
[Black "Batsiashvili, Nino"]
[Result "0-1"]
[WhiteTitle "IM"]
[BlackTitle "GM"]
[WhiteElo "2440"]
[BlackElo "2457"]
[WhiteFideId "13903063"]
[BlackFideId "13602993"]
[EventDate "2020.06.22"]

1. e4 c6 2. d3 d5 3. Nd2 g6 4. Ngf3 Bg7 5. g3 e5 6. Bg2 Ne7 7. O-O O-O 8. Re1
Qc7 9. c3 Nd7 10. b3 a5 11. Bb2 a4 12. bxa4 Nc5 13. Nb3 Nxa4 14. Qc2 dxe4 15.
dxe4 Be6 16. Rad1 h6 17. Bf1 b5 18. Ba1 Nb6 19. Nfd2 Qa7 20. c4 bxc4 21. Nxc4
Qxa2 22. Qxa2 Rxa2 23. Nxb6 Bxb3 24. Rd7 Nc8 25. Nc4 Bxc4 26. Bxc4 Rxa1 27. Rxa1
Nb6 28. Rc7 Nxc4 29. Rxc6 Nd2 30. Ra4 Nf3+ 31. Kg2 Ng5 32. f4 exf4 33. gxf4 Ne6
34. f5 Nd4 35. Rc5 gxf5 36. exf5 Re8 37. Rd5 Nc6 38. Rc4 Ne5 39. Re4 Bf6 40. Kg3
Kf8 41. h4 Re7 42. Rd8+ Re8 43. Rd6 Be7 44. Ra6 f6 0-1

[Event "Women's Speed Chess Q5"]
[Site "chess.com INT"]
[Date "2020.06.22"]
[Round "4"]
[White "Azhar, Puteri Munajjah Az-Zahraa"]
[Black "Chitlange, Sakshi"]
[Result "0-1"]
[WhiteTitle "WIM"]
[BlackTitle "WIM"]
[WhiteElo "2046"]
[BlackElo "2167"]
[WhiteFideId "5709040"]
[BlackFideId "35002899"]
[EventDate "2020.06.22"]

1. d4 Nf6 2. c4 e6 3. Nc3 Bb4 4. Bg5 c5 5. e3 Qa5 6. Qc2 Ne4 7. Qxe4 Bxc3+ 8.
Kd1 Bxb2 9. Rb1 cxd4 10. Rxb2 Qxg5 11. exd4 O-O 12. Nf3 Qa5 13. Bd3 f5 14. Qe2
b6 15. Rb5 Qa3 16. Rb3 Qa4 17. Ne5 d6 18. Nf3 Nc6 19. Rg1 Na5 20. Bc2 Nxb3 21.
Bxb3 Qc6 22. Ng5 Qe8 23. g4 h6 24. Nh3 fxg4 25. Rxg4 Qf7 26. Rf4 Qe7 27. c5 bxc5
28. dxc5 d5 29. Bxd5 Rxf4 30. Nxf4 Rb8 31. Bxe6+ Bxe6 32. Qxe6+ Qxe6 33. Nxe6
Rb2 34. Nd4 Rxa2 35. c6 Ra5 36. c7 Rc5 37. Nb5 a6 0-1

[Event "Women's Speed Chess Q5"]
[Site "chess.com INT"]
[Date "2020.06.22"]
[Round "4"]
[White "Vovk, Anastasiia"]
[Black "Golubenko, Valentina"]
[Result "0-1"]
[WhiteTitle "WGM"]
[BlackTitle "WGM"]
[WhiteElo "2076"]
[BlackElo "2209"]
[WhiteFideId "14110563"]
[BlackFideId "4501993"]
[EventDate "2020.06.22"]

1. e4 g6 2. d4 Bg7 3. Nf3 c5 4. c3 cxd4 5. cxd4 d5 6. exd5 Qxd5 7. Nc3 Qd8 8.
Bc4 Nf6 9. h3 O-O 10. O-O Nc6 11. Be3 a6 12. a3 b5 13. Ba2 Bb7 14. Rc1 Rc8 15.
b4 Qd7 16. Qb3 e6 17. Rfd1 Ne7 18. Ne5 Qd8 19. Nd3 Ned5 20. Nc5 Ba8 21. Ne2 Nxe3
22. fxe3 Bd5 23. Qb2 a5 24. Nc3 axb4 25. axb4 Bxa2 26. Qxa2 Qb6 27. Qf2 Nd5 28.
Nxd5 exd5 29. Nd7 Rxc1 30. Rxc1 Qd6 31. Nxf8 Bxf8 32. Rc5 Qe6 33. Rxb5 Bh6 34.
Rb8+ Kg7 35. Qe2 Bxe3+ 36. Kh1 Qe4 37. Qf1 Bxd4 38. Rb7 Qe6 39. b5 Bc5 40. Rc7
Bd6 41. Rc6 d4 42. b6 Qd5 43. Rc8 Qe5 44. Kg1 Qh2+ 45. Kf2 Qg3+ 46. Ke2 d3+ 47.
Kd1 Qe3 48. b7 Bb4 49. Rc2 dxc2+ 50. Kxc2 Qe4+ 0-1

[Event "Women's Speed Chess Q5"]
[Site "chess.com INT"]
[Date "2020.06.22"]
[Round "4"]
[White "Padmini, Rout"]
[Black "Khotenashvili, Bela"]
[Result "1-0"]
[WhiteTitle "IM"]
[BlackTitle "GM"]
[WhiteElo "2370"]
[BlackElo "2458"]
[WhiteFideId "5029295"]
[BlackFideId "13602640"]
[EventDate "2020.06.22"]

1. e4 c6 2. d4 g6 3. Nf3 Bg7 4. Bd3 d6 5. O-O e5 6. dxe5 dxe5 7. b3 Ne7 8. Bb2
Nd7 9. Nbd2 O-O 10. Nc4 Qc7 11. a4 Rd8 12. Ba3 Nf8 13. Qe2 Bg4 14. h3 Bxf3 15.
Qxf3 Ne6 16. c3 b5 17. Nb2 a6 18. Rad1 Nc8 19. Bc2 Nd6 20. h4 Nb7 21. g3 Rxd1
22. Rxd1 Rd8 23. Kg2 h5 24. axb5 axb5 25. Rxd8+ Qxd8 26. Qd3 Qxd3 27. Bxd3 Bf8
28. Bxf8 Kxf8 29. Kf3 Ke7 30. Ke2 Nbc5 31. Bc2 Kd6 32. b4 Nd7 33. Nd3 Nb6 34.
Bb3 Nd8 35. f4 f6 36. Nc5 Nd7 37. Nxd7 Kxd7 38. Kd3 Kd6 39. f5 gxf5 40. exf5 Ke7
41. Bd1 Nb7 42. Bxh5 Nd6 43. Bg4 Kf7 44. Bh3 Ke7 45. g4 Kf7 46. Bg2 Ke7 47. Bxc6
Kf7 48. Bd5+ Ke7 49. Be4 Kf7 50. g5 fxg5 51. hxg5 Ke7 52. Ke3 Nf7 53. f6+ Ke6
54. g6 Nd6 55. g7 1-0

[Event "Women's Speed Chess Q5"]
[Site "chess.com INT"]
[Date "2020.06.22"]
[Round "4"]
[White "Osmanodja, Filiz"]
[Black "Tomilova, Elena"]
[Result "0-1"]
[WhiteTitle "WGM"]
[BlackTitle "WGM"]
[WhiteElo "2293"]
[BlackElo "2353"]
[WhiteFideId "24633569"]
[BlackFideId "4162340"]
[EventDate "2020.06.22"]

1. e4 e6 2. d4 d5 3. Nc3 Nf6 4. e5 Nfd7 5. f4 c5 6. Nf3 Nc6 7. Be3 cxd4 8. Nxd4
Bc5 9. Qd2 a6 10. Qf2 Bxd4 11. Bxd4 O-O 12. O-O-O b5 13. g4 b4 14. Ne2 a5 15. f5
Ndxe5 16. Bc5 Re8 17. Rg1 a4 18. Nd4 b3 19. cxb3 axb3 20. a3 Nxd4 21. Bxd4 exf5
22. gxf5 f6 23. Qg2 Qc7+ 24. Kb1 Bxf5+ 25. Ka1 Be4 26. Qg3 Qb7 27. Bb5 Re7 28.
Qxb3 Rb8 29. a4 Nf3 30. Bxf6 Rf7 31. Rg4 Bf5 32. Rxg7+ Rxg7 33. Bxg7 Qxg7 34.
Rxd5 Be6 35. Qxf3 Qg1+ 36. Rd1 Qg7 37. Qe3 Bf7 38. Rg1 Bg6 39. Qe6+ Kh8 40. Rd1
Qc7 41. Qf6+ Qg7 42. Qe6 Qc7 43. Rd7 Qc1+ 44. Ka2 Bb1+ 45. Kb3 Qc2+ 0-1

[Event "Women's Speed Chess Q5"]
[Site "chess.com INT"]
[Date "2020.06.22"]
[Round "4"]
[White "Divya, Deshmukh"]
[Black "Mkrtchian, Lilit"]
[Result "1-0"]
[WhiteTitle "WIM"]
[BlackTitle "IM"]
[WhiteElo "2305"]
[BlackElo "2388"]
[WhiteFideId "35006916"]
[BlackFideId "13300601"]
[EventDate "2020.06.22"]

1. e4 c5 2. Nf3 Nc6 3. d4 cxd4 4. Nxd4 e6 5. Nc3 d6 6. Be3 Nf6 7. f3 Be7 8. Qd2
O-O 9. O-O-O d5 10. exd5 Nxd5 11. Nxd5 Qxd5 12. Nxc6 Qxc6 13. Bd3 e5 14. Kb1 Be6
15. h4 f5 16. Bg5 Bc5 17. h5 e4 18. Be2 h6 19. Be3 Bxe3 20. Qxe3 Rac8 21. Rd2
Rfd8 22. Rhd1 Rxd2 23. Rxd2 Bf7 24. b3 Re8 25. Qd4 e3 26. Rd1 Bxh5 27. Bc4+ Kh7
28. Re1 Qb6 29. Qc3 f4 30. Bd3+ Kh8 31. Rh1 Bf7 32. Be2 Qd6 33. Kb2 Qe5 34. Qxe5
Rxe5 35. Rh4 Rf5 36. Bd3 Rf6 37. Kc3 g5 38. Rh1 Kg7 39. Be4 Rb6 40. a4 a5 41.
Rd1 Kf6 42. Rd7 Be6 43. Rh7 Ke5 44. Rxh6 g4 45. Rh5+ Kd6 46. Rxa5 1-0

[Event "Women's Speed Chess Q5"]
[Site "chess.com INT"]
[Date "2020.06.22"]
[Round "4"]
[White "Schut, Lisa"]
[Black "Goryachkina, Aleksandra"]
[Result "0-1"]
[WhiteTitle "WIM"]
[BlackTitle "GM"]
[WhiteElo "2259"]
[BlackElo "2582"]
[WhiteFideId "1019481"]
[BlackFideId "4147103"]
[EventDate "2020.06.22"]

1. e4 e6 2. d4 d5 3. Nc3 Bb4 4. exd5 exd5 5. Bd3 Nf6 6. Ne2 O-O 7. O-O Bg4 8. f3
Bh5 9. Nf4 c6 10. Nce2 Nbd7 11. Nxh5 Nxh5 12. Nf4 Nhf6 13. c3 Bd6 14. Bd2 Qc7
15. g3 Rfe8 16. Re1 c5 17. dxc5 Nxc5 18. Bf1 Qb6 19. Kh1 Qxb2 20. Be3 Bxf4 21.
Bxc5 Rxe1 22. Qxe1 Bd2 23. Qb1 Qxc3 24. Be7 Re8 25. Bxf6 Qxf3+ 26. Bg2 Qxf6 27.
Qd1 Bc3 28. Rb1 Re1+ 29. Qxe1 Bxe1 30. Rxe1 g6 31. Bxd5 Kg7 32. Bb3 b5 33. Kg2
a5 34. Rf1 Qe7 35. Rf2 f5 36. h4 Qb7+ 37. Kh2 a4 38. Bd1 Qc6 39. Bf3 Qd6 40. Kg2
b4 41. Rc2 b3 42. axb3 axb3 43. Re2 Qd4 44. h5 b2 45. Re7+ Kf6 46. Rb7 Qd2+ 47.
Kh3 Qc2 48. hxg6 hxg6 0-1

[Event "Women's Speed Chess Q5"]
[Site "chess.com INT"]
[Date "2020.06.22"]
[Round "4"]
[White "Antolak, Julia"]
[Black "Khalafova, Narmin"]
[Result "1-0"]
[WhiteTitle "WIM"]
[BlackTitle "WGM"]
[WhiteElo "2323"]
[BlackElo "2279"]
[WhiteFideId "1159569"]
[BlackFideId "13402625"]
[EventDate "2020.06.22"]

1. e4 c5 2. Nf3 d6 3. d4 Nf6 4. Nc3 cxd4 5. Nxd4 a6 6. Bg5 Nbd7 7. Bc4 Qb6 8.
Bb3 e6 9. Qd2 Be7 10. O-O-O Nc5 11. Rhe1 Qc7 12. Kb1 b5 13. f3 O-O 14. g4 b4 15.
Nce2 Nfxe4 16. fxe4 Nxe4 17. Qe3 Nxg5 18. h4 e5 19. hxg5 exd4 20. Nxd4 Bxg4 21.
Rc1 Bd8 22. Qf4 Bh5 23. Nf5 d5 24. Qd4 f6 25. Bxd5+ Kh8 26. Bxa8 fxg5 27. Be4
Bf6 28. Qd6 Qxd6 29. Nxd6 Rd8 30. Rh1 Rxd6 31. Rxh5 h6 32. Rhh1 Kg8 33. Rcd1
Rxd1+ 34. Rxd1 Kf7 35. Bb7 g4 36. Rg1 h5 37. c3 Ke6 38. c4 Bd4 39. Re1+ Kf6 40.
Kc2 Kg5 41. Kd3 Bc5 42. Re5+ Kf4 43. Rxc5 h4 44. Rc7 h3 45. Rxg7 g3 46. Rh7 g2
47. Bxg2 hxg2 48. Rg7 Kf3 49. c5 Kf2 50. c6 g1=Q 51. Rxg1 Kxg1 52. c7 1-0

[Event "Women's Speed Chess Q5"]
[Site "chess.com INT"]
[Date "2020.06.22"]
[Round "4"]
[White "Pham, Bich Ngoc"]
[Black "Skuhala, Barbara"]
[Result "1/2-1/2"]
[WhiteTitle "WIM"]
[BlackTitle "WFM"]
[WhiteElo "2235"]
[BlackElo "2095"]
[WhiteFideId "12401285"]
[BlackFideId "14605465"]
[EventDate "2020.06.22"]

1. g3 Nf6 2. Bg2 e6 3. e4 d5 4. e5 Nfd7 5. f4 Be7 6. Nf3 c5 7. O-O O-O 8. d3 b6
9. Nc3 Bb7 10. Qe2 Nc6 11. Bd2 Rc8 12. Rae1 a6 13. a4 Nd4 14. Qd1 Qc7 15. Ne2
Nxf3+ 16. Bxf3 d4 17. g4 Bxf3 18. Rxf3 f6 19. exf6 Nxf6 20. h3 Nd5 21. Ng3 Qc6
22. c4 dxc3 23. bxc3 c4 24. d4 b5 25. axb5 axb5 26. Qe2 b4 27. cxb4 c3 28. Bc1
Bxb4 29. Qxe6+ Qxe6 30. Rxe6 c2 31. Re2 Bc3 32. Kh2 Ba1 33. Ra3 Bxd4 34. Nf5 Bc5
35. Rd3 Nb4 36. Rd7 Rf7 37. Rxf7 Kxf7 38. Kg3 Re8 39. Kf3 Rxe2 40. Kxe2 g6 41.
Ng3 Na2 42. Kd2 Nxc1 43. Kxc1 Be3+ 44. Kxc2 Bxf4 45. Ne2 Bd6 46. Kd3 Kf6 47. Ke4
Kg5 48. Kf3 Kf6 49. Nc3 Ke5 50. Ne4 Be7 51. Ng3 h6 52. Ne4 Bd8 53. Nf2 Bh4 54.
Nd3+ Kf6 55. Nf4 Bg5 56. Nd3 Ke6 57. Nf2 Ke5 58. Ne4 Bc1 59. Ng3 Bd2 60. Ne2 Be1
61. Nf4 Kf6 62. Nd5+ Ke5 63. Nf4 Kf6 64. Nd5+ Ke5 65. Nf4 1/2-1/2

[Event "Women's Speed Chess Q5"]
[Site "chess.com INT"]
[Date "2020.06.22"]
[Round "4"]
[White "Balabayeva, Xeniya"]
[Black "Martsynovskaya, Marina"]
[Result "0-1"]
[WhiteTitle "WFM"]
[BlackTitle "WIM"]
[WhiteElo "2146"]
[BlackElo "2046"]
[WhiteFideId "13719688"]
[BlackFideId "609218"]
[EventDate "2020.06.22"]

1. e4 e5 2. Nf3 Nc6 3. Nc3 Nf6 4. Bb5 Nd4 5. Bc4 Nxf3+ 6. Qxf3 d6 7. h3 Be6 8.
Bxe6 fxe6 9. d3 Be7 10. Bg5 O-O 11. O-O Rf7 12. Rae1 c6 13. Qe2 Qb6 14. b3 Qa5
15. Bd2 Qc7 16. a4 Raf8 17. Nd1 Bd8 18. f4 exf4 19. Rxf4 e5 20. Rff1 Qd7 21. Ne3
Bb6 22. Kh2 d5 23. exd5 cxd5 24. Nf5 Bc7 25. Bb4 Re8 26. Kh1 a5 27. Bc5 b6 28.
Bg1 e4 29. Bh2 exd3 30. Qxd3 Rxe1 31. Rxe1 Bxh2 32. Kxh2 Ne4 33. Nd4 Qd6+ 34.
Kg1 Qf4 35. Nf3 Qg3 36. Qe3 Rxf3 37. Qxf3 Qxe1+ 38. Kh2 Qb4 39. Qf5 Qd6+ 40. Kg1
h6 41. h4 g6 42. Qc8+ Kg7 43. Qb7+ Kf6 44. Qc8 Qc5+ 45. Qxc5 Nxc5 46. Kf2 Ke5
47. Ke3 d4+ 48. Kf3 Ne4 49. g4 Nc5 50. h5 Kd5 0-1

[Event "Women's Speed Chess Q5"]
[Site "chess.com INT"]
[Date "2020.06.22"]
[Round "4"]
[White "Daulyte-Cornette, Deimante"]
[Black "Kashlinskaya, Alina"]
[Result "0-1"]
[WhiteTitle "IM"]
[BlackTitle "IM"]
[WhiteElo "2400"]
[BlackElo "2494"]
[WhiteFideId "12802859"]
[BlackFideId "4198026"]
[EventDate "2020.06.22"]

1. e4 e5 2. Bc4 Nf6 3. Nc3 Bb4 4. d3 O-O 5. Ne2 d5 6. exd5 Nxd5 7. O-O Be6 8.
Ne4 Be7 9. N4c3 Nc6 10. Nxd5 Bxd5 11. Bxd5 Qxd5 12. Nc3 Qe6 13. Be3 Rad8 14. Qf3
f5 15. Rfe1 Qg6 16. Rad1 Bb4 17. a3 Bxc3 18. bxc3 h6 19. h3 Kh7 20. Bc5 Rf7 21.
Rb1 b6 22. Be3 e4 23. dxe4 f4 24. Bd4 Nxd4 25. cxd4 Rxd4 26. e5 Qxc2 27. e6 Re7
28. Rbc1 Qd3 29. Qg4 Qg6 30. Qf3 Rxe6 31. Rxe6 Qxe6 32. Rxc7 a5 33. Qb7 Qf6 34.
Rf7 Qg6 35. Rd7 Rxd7 36. Qxd7 f3 37. g3 Qb1+ 38. Kh2 Qc2 39. Kg1 Qc1+ 40. Kh2
Qxa3 41. Qf5+ Kg8 42. Qe6+ Kf8 43. Qc8+ Kf7 44. Qc7+ Qe7 45. Qxb6 Qe2 46. Qb7+
Kf6 47. Qc6+ Ke7 48. Qc7+ Ke6 49. Qc6+ Ke5 50. Qc5+ Ke4 51. Qe7+ Kd3 52. Qd6+
Kc2 53. Qc5+ Kd1 54. Qd5+ Ke1 55. Qxa5+ Kxf2 0-1

[Event "Women's Speed Chess Q5"]
[Site "chess.com INT"]
[Date "2020.06.22"]
[Round "4"]
[White "Fataliyeva, Ulviyya"]
[Black "Morris-Suzuki, Sophie"]
[Result "1-0"]
[WhiteTitle "WGM"]
[BlackTitle "WFM"]
[WhiteElo "2301"]
[BlackElo "2043"]
[WhiteFideId "13403052"]
[BlackFideId "30922615"]
[EventDate "2020.06.22"]

1. e4 c5 2. Nf3 e6 3. c4 b6 4. d4 cxd4 5. Nxd4 Bb7 6. Nc3 a6 7. Bd3 d6 8. O-O g6
9. Be3 Bg7 10. Rc1 Nf6 11. f3 O-O 12. b4 Nbd7 13. Nb3 Qc7 14. Qe2 Rfe8 15. Qf2
Rac8 16. Na4 Qb8 17. Nxb6 Nxb6 18. Bxb6 d5 19. exd5 exd5 20. c5 Nh5 21. Na5 Nf4
22. Rfd1 Bh6 23. Qc2 Nxd3 24. Qxd3 Bxc1 25. Rxc1 Qf4 26. Rd1 Re3 27. Qf1 Re7 28.
Nxb7 Rxb7 29. Qxa6 Rbb8 30. a3 Qe3+ 31. Kh1 Ra8 32. Qb7 d4 33. c6 Qe2 34. Rg1 d3
35. c7 d2 36. Qd5 Qa6 37. Be3 Rxc7 38. Qxd2 Qxa3 39. Bd4 Rd7 40. Qf4 Qxb4 41.
Be5 Qxf4 42. Bxf4 Ra2 43. h4 Kg7 44. Kh2 Re7 45. Kh3 Ree2 46. Bg3 h5 47. Bf4 Kf6
48. Bg3 Ke6 49. Bf4 f6 50. Bg3 Kf5 51. Bc7 g5 52. g4+ hxg4+ 53. fxg4+ Ke4 54. h5
Ra3+ 55. Rg3 Rxg3+ 56. Bxg3 1-0

[Event "Women's Speed Chess Q5"]
[Site "chess.com INT"]
[Date "2020.06.22"]
[Round "4"]
[White "Stefanova, Antoaneta"]
[Black "Kiseleva, Arina"]
[Result "1-0"]
[WhiteTitle "GM"]
[BlackTitle "WCM"]
[WhiteElo "2462"]
[BlackElo "2024"]
[WhiteFideId "2902257"]
[BlackFideId "4164989"]
[EventDate "2020.06.22"]

1. d4 e6 2. Nf3 Nf6 3. e3 b6 4. Bd3 Bb7 5. O-O d5 6. c4 Bd6 7. cxd5 exd5 8. Ne5
O-O 9. Nc3 Ne4 10. f3 Nxc3 11. bxc3 f6 12. Ng4 f5 13. Ne5 Nd7 14. f4 g6 15. Qf3
Nf6 16. Bd2 c5 17. Be1 Ne4 18. Qh3 Bxe5 19. fxe5 Bc8 20. Qh6 Qe7 21. Bh4 Qg7 22.
Qxg7+ Kxg7 23. Bxe4 dxe4 24. d5 Bb7 25. d6 Rfe8 26. Bf6+ Kf7 27. d7 Rf8 28. Rfd1
Rfd8 29. Rd6 Ba6 30. a4 Bd3 31. a5 b5 32. a6 b4 33. cxb4 cxb4 34. Ra4 b3 35.
Bxd8 Rxd8 36. Rb4 Bc2 37. Rb7 Ke7 38. Kf2 g5 39. h3 f4 40. g3 f3 41. Rh6 Kf7 42.
Rxh7+ Ke6 43. Rg7 Kxe5 44. Rxg5+ Kf6 45. Rc5 Ke6 46. Rc6+ Ke7 47. Rcc7 Ke6 48.
h4 Ke7 49. h5 Kf6 50. h6 Kg6 51. Rc8 Rxd7 52. Rxd7 b2 53. Rb7 b1=Q 54. Rxb1 Bxb1
55. h7 Kxh7 56. Rc7+ Kg6 57. Rxa7 Bd3 58. Rd7 Bb5 59. Rd6+ Kf5 60. a7 1-0